000 00597nam a2200169Ia 4500
003 IN-BaIIA
008 211028s9999 xx 000 0 eng d
040 _cIIA Library
080 _a726.82
_bSUN
100 _aSundara, A.
_917523
245 4 _aThe early chamber tombs of south India
_ba study of the iron age megalithic monuments of North Karnataka
_cA. Sundara
260 _aNew Delhi
_bUniversity Publishers
_c1975
300 _axviii, 248p.
650 _aAstronomy and astrophysics thesaurus
650 _aEarly chambers
_917524
942 _cBK
999 _c10306
_d10306